00581nam a22001817a 450000500170000001000150001702000260003203500130005803700130007108200080008424501010009226000300019327000680022330000260029149000450031750000190036270000180038120140728121249.0 aENG-110069 a9789380607368c995.00 aEN-93602 bDBAD/PUB a954 aHistory, ideas and society :cedited by S.Z.H. JafribS.C. Mishra memorial lectures in history / aDelhibPrimus booksc2014 aVirat Bhavan, Mukherjee Nagar Commercial ComplexbDelhie110009 aviii,283p. c24cm(Hb) aIndian History congress monograph series aIncludes index aJafri, S.Z.H.